| 000 | 00360nam a22001217a 4500 | ||
|---|---|---|---|
| 020 | _aNA | ||
| 082 |
_222 _a338.068 |
||
| 100 | _aGulati, ranjay ; sa whney moncabir and pooni Anthony, | ||
| 245 | _aKellogg on Technology and innovation / | ||
| 260 |
_aJohni wiley and son, _bJohni wiley and son, _cc2003 |
||
| 300 |
_axiii; 354 p, ; _bNa _c24cm. |
||
| 942 |
_2ddc _cGEN |
||
| 999 |
_c3456 _d3456 |
||